| 000 | 02176nam2a2200289 4500 | ||
|---|---|---|---|
| 001 | RU\NLR\BIBL_A\022743357 | ||
| 005 | 20260512162024.0 | ||
| 010 |
_a978-5-8353-3396-7 _bкн. 1 |
||
| 021 |
_aRU _bКН-П-26-001937 _9КН-П-26-0176 |
||
| 035 | _a(NLR Aleph) 022743357 | ||
| 090 |
_a13558458 _c13558458 |
||
| 100 | _a20260304d2025 k y0rusy50 ca | ||
| 101 | 0 | _arus | |
| 102 | _aRU | ||
| 105 | _aabchz 010yy | ||
| 200 | 1 | _aИстория изучения птиц Восточной Сибири | |
| 210 | _d2025 | ||
| 215 |
_a504 с. _cил., табл., карты, портр., факс. |
||
| 320 | _aБиблиогр.: с. 482–504 (367 назв.) | ||
| 423 | 0 |
_12001#$aТ. 2: [Орнитологическая характеристика природных комплексов Восточной Сибири] _tТ. 2: [Орнитологическая характеристика природных комплексов Восточной Сибири] |
|
| 461 | 0 |
_1001RU\NLR\BIBL_A\022743354 _12001#$aПтицы Восточной Сибири$eмонография$eв 3 томах$fТ. Н. Гагина-Скалон$gМинистерство науки и высшего образования Российской Федерации, Федеральное государственное бюджетное образовательное учреждение высшего образования "Кемеровский государственный университет"$vТ. 1 _1700#1$aГагина$bТ. Н.$f1925-2014$gТатьяна Николаевна$3RU\NLR\AUTH\77119454 _913697028 _aГагина, Т. Н. (1925-2014) _cКемерово _d2025 _fТ. Н. Гагина-Скалон _nКемеровский государственный университет _oмонография : в 3 томах _tПтицы Восточной Сибири _y978-5-8353-3395-0 _vТ. 1 |
|
| 606 | 1 |
_aОрнитологические исследования _xИстория _yСибирь Восточная _92708682 _3RU\NLR\AUTH\6601770422 |
|
| 686 | 1 | _aЕ693.36(2Р54)г | |
| 942 | _cBOOK | ||
| 980 | _aNB | ||